[Event "Landesliga Ost MVP 2013-14"]
[Site "?"]
[Date "2013.11.10"]
[Round "2.1"]
[White "Ballmann, Horst Gerhard"]
[Black "Luethke, Hans Eckart"]
[Result "0-1"]
[WhiteElo "1806"]
[BlackElo "2096"]
[PlyCount "68"]
[EventType "team-tourn"]
[EventRounds "9"]
[EventCountry "GER"]
[WhiteTeam "SV Turbine Neubrandenburg"]
[BlackTeam "SSC Graal-Müritz"]
[WhiteTeamCountry "GER"]
[BlackTeamCountry "GER"]

1. Nf3 d5 2. d4 Nf6 3. g3 c6 4. Bg2 Bf5 5. O-O Qc8 6. b3 Bh3 7. Bb2 Bxg2 8.
Kxg2 e6 9. Nbd2 Bd6 10. c4 Nbd7 11. Rc1 Qb8 12. Re1 O-O 13. e4 dxe4 14. Nxe4
Nxe4 15. Rxe4 Nf6 16. Rh4 Be7 17. Qc2 h6 18. Re1 Qc7 19. Ne5 Rfd8 20. Re3 Nd7
21. Rh3 Nxe5 22. Rxe5 Bf6 23. Re4 Qa5 24. Bc3 Qf5 25. g4 Qg6 26. Qe2 Rd7 27. f4
Rad8 28. Rg3 Bxd4 29. Rxd4 Rxd4 30. Bxd4 Rxd4 31. Qe5 Rd2+ 32. Kh3 Qc2 33. g5
h5 34. Rg1 Rxh2+ 0-1

[Event "Landesliga Ost MVP 2013-14"]
[Site "?"]
[Date "2013.11.10"]
[Round "2.3"]
[White "Voigt, Michael"]
[Black "Schulz, Wolf Detlef"]
[Result "0-1"]
[WhiteElo "1720"]
[BlackElo "1838"]
[PlyCount "86"]
[EventType "team-tourn"]
[EventRounds "9"]
[EventCountry "GER"]
[WhiteTeam "SV Turbine Neubrandenburg"]
[BlackTeam "SSC Graal-Müritz"]
[WhiteTeamCountry "GER"]
[BlackTeamCountry "GER"]

1. c4 Nf6 2. g3 e5 3. Bg2 Bc5 4. Nc3 Nc6 5. a3 a5 6. e3 d6 7. Nge2 O-O 8. O-O
Bg4 9. Nd5 a4 10. d3 Na5 11. h3 Bh5 12. Nxf6+ Qxf6 13. g4 Bg6 14. Nc3 Nb3 15.
Rb1 c6 16. Qe2 Qh4 17. Bd2 f5 18. Be1 fxg4 19. hxg4 Qh6 20. Rd1 Bb6 21. Ne4 d5
22. cxd5 cxd5 23. Ng3 Rad8 24. Bc3 Rfe8 25. Nf5 Qg5 26. e4 h5 27. Ng3 Nd4 28.
Bxd4 Bxd4 29. gxh5 Bh7 30. Kh2 Rf8 31. Bh3 Rf4 32. Rd2 Rdf8 33. Qe1 Rh4 34. f3
Qf4 35. Rg2 Rxh5 36. Qa5 Rxh3+ 37. Kxh3 Qh6+ 38. Nh5 Qxh5+ 39. Kg3 dxe4 40.
Qd5+ Kh8 41. dxe4 Rf4 42. Qd8+ Bg8 43. Rh1 Rxf3# 0-1

[Event "Landesliga Ost MVP 2013-14"]
[Site "?"]
[Date "2013.11.10"]
[Round "2.4"]
[White "Poppe, Thomas"]
[Black "Rosin, Ralf"]
[Result "1-0"]
[WhiteElo "1696"]
[BlackElo "1696"]
[PlyCount "99"]
[EventType "team-tourn"]
[EventRounds "9"]
[EventCountry "GER"]
[WhiteTeam "SSC Graal-Müritz"]
[BlackTeam "SV Turbine Neubrandenburg"]
[WhiteTeamCountry "GER"]
[BlackTeamCountry "GER"]

1. d4 e6 2. c4 f5 3. Nc3 Nf6 4. Nf3 Be7 5. Bf4 O-O 6. e3 c6 7. h3 d5 8. c5 Ne4
9. Rc1 Nd7 10. Be2 Qe8 11. O-O Bf6 12. b4 e5 13. dxe5 Nxe5 14. Bxe5 Bxe5 15.
Nxd5 Bg3 16. Nf4 Nxf2 17. Qb3+ Kh8 18. Rxf2 Bxf2+ 19. Kxf2 Rf6 20. Bc4 h6 21.
Rd1 Kh7 22. Qd3 b5 23. Bb3 g5 24. Ne2 Be6 25. Bxe6 Qxe6 26. Qd7+ Qxd7 27. Rxd7+
Kg8 28. Nfd4 a5 29. Rd6 Rxd6 30. cxd6 axb4 31. Nxc6 Rxa2 32. d7 Ra8 33. d8=Q+
Rxd8 34. Nxd8 b3 35. Nc3 b4 36. Nb1 Kg7 37. Nc6 Kf6 38. Nxb4 h5 39. Nd3 h4 40.
Nd2 Ke6 41. Nxb3 Kf6 42. Nd4 Kg6 43. Ne5+ Kf6 44. Nc4 Kg6 45. Nd6 Kf6 46. N6xf5
Ke5 47. Kf3 Kf6 48. Kg4 Kg6 49. Nf3 Kf6 50. Nxg5 1-0

[Event "Landesliga Ost MVP 2013-14"]
[Site "?"]
[Date "2013.11.10"]
[Round "2.5"]
[White "Hollender, Dirk"]
[Black "Micheel, Peter"]
[Result "0-1"]
[WhiteElo "1652"]
[BlackElo "1710"]
[PlyCount "58"]
[EventType "team-tourn"]
[EventRounds "9"]
[EventCountry "GER"]
[WhiteTeam "SV Turbine Neubrandenburg"]
[BlackTeam "SSC Graal-Müritz"]
[WhiteTeamCountry "GER"]
[BlackTeamCountry "GER"]

1. e4 e6 2. d4 d5 3. e5 c5 4. c3 Nc6 5. Nf3 Bd7 6. Be2 cxd4 7. cxd4 Nge7 8. Nc3
a6 9. O-O Nf5 10. g4 Nh4 11. Bf4 Be7 12. Qd2 h6 13. a3 Na5 14. Rad1 Rc8 15. Qe3
Nc4 16. Bxc4 Nxf3+ 17. Qxf3 Rxc4 18. h3 Qb6 19. b4 O-O 20. Ne2 Rfc8 21. Be3 Bb5
22. Rc1 Rc2 23. Rxc2 Rxc2 24. Re1 a5 25. bxa5 Qxa5 26. Kf1 Qxa3 27. Qg3 Qd3 28.
Qf3 Rxe2 29. Qxe2 Qb3 0-1

[Event "Landesliga Ost MVP 2013-14"]
[Site "?"]
[Date "2013.11.10"]
[Round "2.6"]
[White "Rath, Wolfgang"]
[Black "Peters, Hans Joachim"]
[Result "0-1"]
[WhiteElo "1661"]
[BlackElo "1701"]
[PlyCount "38"]
[EventType "team-tourn"]
[EventRounds "9"]
[EventCountry "GER"]
[WhiteTeam "SSC Graal-Müritz"]
[BlackTeam "SV Turbine Neubrandenburg"]
[WhiteTeamCountry "GER"]
[BlackTeamCountry "GER"]

1. e4 e6 2. d4 d5 3. exd5 exd5 4. Bd3 Nc6 5. Nf3 Bd6 6. Be3 Nge7 7. O-O Nb4 8.
c3 Nxd3 9. Qxd3 O-O 10. Nbd2 c6 11. Rfe1 Bf5 12. Qe2 Qc7 13. g3 Ng6 14. Kg2
Rfe8 15. Ng1 Re7 16. Qf3 Qd7 17. h3 Rae8 18. Re2 h6 19. Rae1 Bd3 0-1

[Event "Landesliga Ost MVP 2013-14"]
[Site "?"]
[Date "2013.11.10"]
[Round "2.7"]
[White "Elsner, Norbert"]
[Black "Kundt, Guenther"]
[Result "1-0"]
[WhiteElo "1864"]
[BlackElo "1528"]
[PlyCount "53"]
[EventType "team-tourn"]
[EventRounds "9"]
[EventCountry "GER"]
[WhiteTeam "SV Turbine Neubrandenburg"]
[BlackTeam "SSC Graal-Müritz"]
[WhiteTeamCountry "GER"]
[BlackTeamCountry "GER"]

1. c4 Nf6 2. Nf3 g6 3. Nc3 d5 4. cxd5 Nxd5 5. g3 Bg7 6. Bg2 c6 7. O-O O-O 8. d4
Nd7 9. e4 Nxc3 10. bxc3 Nb6 11. Qc2 f5 12. Ng5 Nc4 13. Qb3 b5 14. exf5 Qb6 15.
fxg6 hxg6 16. Bf4 Kh8 17. a4 Bb7 18. Ne6 Rxf4 19. Nxf4 Nd2 20. Nxg6+ Kh7 21.
Qc2 Nxf1 22. Nxe7+ Kh8 23. Rxf1 Qc7 24. Re1 Bf6 25. Re6 Qd7 26. Qf5 Bxe7 27.
Rh6+ 1-0

[Event "Landesliga Ost MVP 2013-14"]
[Site "?"]
[Date "2013.11.10"]
[Round "2.8"]
[White "Kraemer, Lothar"]
[Black "Leisner, Ekkehardt"]
[Result "0-1"]
[WhiteElo "1161"]
[BlackElo "1583"]
[PlyCount "67"]
[EventType "team-tourn"]
[EventRounds "9"]
[EventCountry "GER"]
[WhiteTeam "SSC Graal-Müritz"]
[BlackTeam "SV Turbine Neubrandenburg"]
[WhiteTeamCountry "GER"]
[BlackTeamCountry "GER"]

1. e4 c5 2. Nf3 e6 3. d4 cxd4 4. Qxd4 Nc6 5. Qd1 Qc7 6. Nc3 a6 7. Be2 Nf6 8.
O-O b5 9. a3 Be7 10. Bg5 O-O 11. Re1 Bb7 12. Bf1 h6 13. Bh4 d6 14. Bg3 Nh5 15.
Bh4 Bxh4 16. Nxh4 Nf6 17. g3 Rfd8 18. Bg2 Na5 19. Qc1 Rac8 20. Re2 Nc4 21. Rb1
Nxa3 22. bxa3 Qxc3 23. Qb2 Qxb2 24. Rxb2 Rc4 25. Rb1 Bxe4 26. Bxe4 Rxe4 27.
Ree1 Rc8 28. Rec1 Rec4 29. Rb2 d5 30. Nf3 d4 31. Ne5 Rc3 32. Nd3 Rxd3 33. cxd3
Rxc1+ 34. Kg2 0-1

[Event "Landesliga Ost MVP 2013-14"]
[Site "?"]
[Date "2013.11.24"]
[Round "3.1"]
[White "Alder, Bodo"]
[Black "Voelschow, Siegfried"]
[Result "1/2-1/2"]
[WhiteElo "1915"]
[BlackElo "1975"]
[PlyCount "36"]
[EventType "team-tourn"]
[EventRounds "9"]
[EventCountry "GER"]
[WhiteTeam "SC Seehotel Binz-Therme Rügen"]
[BlackTeam "SV Waterkant Saal"]
[WhiteTeamCountry "GER"]
[BlackTeamCountry "GER"]

1. e4 e5 2. Nf3 Nc6 3. d3 Be7 4. c3 d5 5. Qc2 Nf6 6. Be2 Bg4 7. Nbd2 O-O 8. Nf1
d4 9. Ng3 Ne8 10. Nxd4 Nxd4 11. cxd4 Bxe2 12. Nxe2 exd4 13. O-O c5 14. Ng3 Rc8
15. Rd1 Nd6 16. Bf4 b5 17. Bxd6 Bxd6 18. b3 Qc7 1/2-1/2

[Event "Landesliga Ost MVP 2013-14"]
[Site "?"]
[Date "2013.11.24"]
[Round "3.2"]
[White "Schwarz, Eckhard"]
[Black "Oergel, Ullrich"]
[Result "1/2-1/2"]
[WhiteElo "1843"]
[BlackElo "1740"]
[PlyCount "41"]
[EventType "team-tourn"]
[EventRounds "9"]
[EventCountry "GER"]
[WhiteTeam "SV Waterkant Saal"]
[BlackTeam "SC Seehotel Binz-Therme Rügen"]
[WhiteTeamCountry "GER"]
[BlackTeamCountry "GER"]

1. f4 d5 2. Nf3 g6 3. e3 Bg7 4. c4 Nf6 5. Be2 O-O 6. O-O c6 7. Qb3 e6 8. d4
Nbd7 9. Nbd2 Qb6 10. c5 Qc7 11. Qc2 b6 12. cxb6 axb6 13. b4 Bb7 14. Ne5 Nxe5
15. fxe5 Nd7 16. Nb3 f6 17. exf6 Nxf6 18. Bb2 Qd6 19. a3 Bh6 20. Bc1 e5 21. h3
1/2-1/2

[Event "Landesliga Ost MVP 2013-14"]
[Site "?"]
[Date "2013.11.24"]
[Round "3.3"]
[White "Horch, Helmut"]
[Black "Onasch, Gunnar"]
[Result "0-1"]
[WhiteElo "1697"]
[BlackElo "1863"]
[PlyCount "74"]
[EventType "team-tourn"]
[EventRounds "9"]
[EventCountry "GER"]
[WhiteTeam "SC Seehotel Binz-Therme Rügen"]
[BlackTeam "SV Waterkant Saal"]
[WhiteTeamCountry "GER"]
[BlackTeamCountry "GER"]

1. d4 Nf6 2. Nf3 g6 3. c4 c5 4. d5 b5 5. a4 bxc4 6. Nc3 Bg7 7. e4 d6 8. Bxc4
O-O 9. O-O Ba6 10. Qd3 Bxc4 11. Qxc4 Qb6 12. Re1 Ng4 13. Rb1 Nd7 14. Bf4 Rab8
15. h3 Nge5 16. Nxe5 Nxe5 17. Bxe5 Bxe5 18. b3 Qa5 19. Na2 Rb7 20. Red1 Rfb8
21. g3 Bd4 22. Kg2 Rb6 23. Rd3 Qa6 24. Qxa6 Rxa6 25. Rdd1 Rab6 26. Kf1 Rxb3 27.
Rxb3 Rxb3 28. Rd2 Ra3 29. Nc1 Rxa4 30. Ra2 Rxa2 31. Nxa2 a5 32. Ke2 Kf8 33. f3
Ke8 34. Kd3 a4 35. Kc4 Kd7 36. Nc1 Bb2 37. Nd3 a3 0-1

[Event "Landesliga Ost MVP 2013-14"]
[Site "?"]
[Date "2013.11.24"]
[Round "3.4"]
[White "Richter, Frank"]
[Black "Ilanz, Kazimierz"]
[Result "1-0"]
[WhiteElo "1655"]
[BlackElo "1602"]
[PlyCount "41"]
[EventType "team-tourn"]
[EventRounds "9"]
[EventCountry "GER"]
[WhiteTeam "SV Waterkant Saal"]
[BlackTeam "SC Seehotel Binz-Therme Rügen"]
[WhiteTeamCountry "GER"]
[BlackTeamCountry "GER"]

1. d4 Nf6 2. c4 g6 3. Nc3 d5 4. cxd5 Nxd5 5. e4 Nxc3 6. bxc3 Bg7 7. Bc4 c5 8.
Ne2 cxd4 9. cxd4 O-O 10. O-O e6 11. Ba3 Re8 12. Rc1 Nc6 13. Bb5 Bd7 14. e5 Rc8
15. Bd6 Bf8 16. Bxf8 Rxf8 17. Nc3 Ne7 18. Qd3 a6 19. Bxd7 Qxd7 20. Ne4 Rxc1 21.
Nf6+ 1-0

[Event "Landesliga Ost MVP 2013-14"]
[Site "?"]
[Date "2013.11.24"]
[Round "3.5"]
[White "Koesterke, Klaus"]
[Black "Nickel, Reimo"]
[Result "0-1"]
[WhiteElo "1386"]
[BlackElo "1767"]
[PlyCount "64"]
[EventType "team-tourn"]
[EventRounds "9"]
[EventCountry "GER"]
[WhiteTeam "SC Seehotel Binz-Therme Rügen"]
[BlackTeam "SV Waterkant Saal"]
[WhiteTeamCountry "GER"]
[BlackTeamCountry "GER"]

1. e4 e5 2. Nf3 Nc6 3. a3 d6 4. h3 Nf6 5. Nc3 Be7 6. Bb5 Bd7 7. d3 O-O 8. Bc4
Qc8 9. Bd2 a6 10. b4 h6 11. Qc1 Nh7 12. Ne2 Qd8 13. Bd5 Kh8 14. g4 Be6 15. Nc3
Nd4 16. Nxd4 exd4 17. Ne2 Bxd5 18. exd5 Bf6 19. O-O Qe7 20. Ng3 Qe5 21. Ne4
Qxd5 22. f4 Bh4 23. f5 Rae8 24. Bxh6 gxh6 25. Qxh6 Bd8 26. f6 Rg8 27. Rf5 Qxf5
28. Rf1 Qg6 29. Qh4 Rxe4 30. dxe4 Qg5 31. Qe1 Qe3+ 32. Qxe3 dxe3 0-1

[Event "Landesliga Ost MVP 2013-14"]
[Site "?"]
[Date "2013.11.24"]
[Round "3.6"]
[White "Ehmann, Roland"]
[Black "Ritter, Wolfgang"]
[Result "0-1"]
[WhiteElo "1507"]
[BlackElo "1482"]
[PlyCount "76"]
[EventType "team-tourn"]
[EventRounds "9"]
[EventCountry "GER"]
[WhiteTeam "SV Waterkant Saal"]
[BlackTeam "SC Seehotel Binz-Therme Rügen"]
[WhiteTeamCountry "GER"]
[BlackTeamCountry "GER"]

1. d4 Nf6 2. c4 g6 3. Nc3 Bg7 4. e4 d6 5. f4 O-O 6. Nf3 Bg4 7. Bd3 Nc6 8. Be3
e5 9. fxe5 dxe5 10. d5 Ne7 11. O-O Nd7 12. h3 Bxf3 13. Rxf3 f5 14. exf5 Nxf5
15. Bxf5 Rxf5 16. Rxf5 gxf5 17. Qh5 f4 18. Bf2 a6 19. Ne4 Qe8 20. Qg4 Kh8 21.
Re1 Nf6 22. Qf5 Nxe4 23. Qxe4 Qg6 24. Qxg6 hxg6 25. b4 b5 26. c5 a5 27. bxa5
Rxa5 28. d6 c6 29. d7 Bf6 30. Rxe5 Kg7 31. Re8 Rxa2 32. Bd4 Bxd4+ 33. Kf1 Bf6
34. d8=Q Bxd8 35. Rxd8 Rc2 36. Rd7+ Kh6 37. Rf7 Rxc5 38. Rxf4 Rf5 0-1

[Event "Landesliga Ost MVP 2013-14"]
[Site "?"]
[Date "2013.11.24"]
[Round "3.7"]
[White "Gorlt, Guenter"]
[Black "Nickel, Udo"]
[Result "0-1"]
[WhiteElo "1409"]
[BlackElo "1675"]
[PlyCount "80"]
[EventType "team-tourn"]
[EventRounds "9"]
[EventCountry "GER"]
[WhiteTeam "SC Seehotel Binz-Therme Rügen"]
[BlackTeam "SV Waterkant Saal"]
[WhiteTeamCountry "GER"]
[BlackTeamCountry "GER"]

1. d4 Nf6 2. c4 e6 3. Nf3 d5 4. e3 c5 5. Nc3 Nc6 6. Be2 a6 7. O-O dxc4 8. Bxc4
cxd4 9. exd4 b5 10. Bb3 Na5 11. Bc2 Bb7 12. Bg5 h6 13. Bh4 Be7 14. Re1 O-O 15.
Ne5 Rc8 16. Qd3 g5 17. Bg3 Kg7 18. h4 Rh8 19. hxg5 hxg5 20. Nf3 Rh5 21. Re5 Ng4
22. Rxe6 Qh8 23. Kf1 Bxf3 24. gxf3 fxe6 25. fxg4 Rh6 26. Re1 Rh1+ 27. Ke2 Rxe1+
28. Kxe1 Qh6 29. Qe4 Bb4 30. Be5+ Kf7 31. d5 Rc4 32. Qf3+ Ke8 33. d6 Nc6 34.
Qe3 Nxe5 35. Qxe5 Bxc3+ 36. bxc3 Kd7 37. Bd3 Rxg4 38. Qc5 Qh1+ 39. Ke2 Qc6 40.
Qb4 Rxb4 0-1

[Event "Landesliga Ost MVP 2013-14"]
[Site "?"]
[Date "2013.11.24"]
[Round "3.8"]
[White "Hiltner, Harald"]
[Black "Mundt, Friedhelm"]
[Result "1-0"]
[WhiteElo "1515"]
[BlackElo "1181"]
[PlyCount "53"]
[EventType "team-tourn"]
[EventRounds "9"]
[EventCountry "GER"]
[WhiteTeam "SV Waterkant Saal"]
[BlackTeam "SC Seehotel Binz-Therme Rügen"]
[WhiteTeamCountry "GER"]
[BlackTeamCountry "GER"]

1. e4 e5 2. Nf3 Nc6 3. d3 Nf6 4. Nc3 Bb4 5. Bd2 O-O 6. Be2 d6 7. a3 Bxc3 8.
Bxc3 Bg4 9. O-O Bxf3 10. Bxf3 d5 11. Re1 d4 12. Bd2 h6 13. Bg4 Qe7 14. f4 Nd7
15. Bxd7 Qxd7 16. f5 Qd6 17. Qg4 Qf6 18. Rf1 Rad8 19. b4 Ne7 20. Rf3 b5 21. Rh3
Kh7 22. Bg5 Qd6 23. f6 Rg8 24. fxe7 Rc8 25. Rf1 f6 26. Qf5+ Kh8 27. Bxh6 1-0

[Event "Landesliga Ost MVP 2013-14"]
[Site "?"]
[Date "2013.11.24"]
[Round "3.1"]
[White "Luethke, Hans Eckart"]
[Black "Scheel, Henrik"]
[Result "1-0"]
[WhiteElo "2096"]
[BlackElo "1901"]
[PlyCount "108"]
[EventType "team-tourn"]
[EventRounds "9"]
[EventCountry "GER"]
[WhiteTeam "SSC Graal-Müritz"]
[BlackTeam "SV Rugia Bergen"]
[WhiteTeamCountry "GER"]
[BlackTeamCountry "GER"]

1. c4 e6 2. Nf3 Nf6 3. b3 d5 4. Bb2 g6 5. e3 Bg7 6. Be2 O-O 7. O-O Nbd7 8. Nc3
Ne4 9. Qc2 Nxc3 10. Bxc3 Bxc3 11. Qxc3 Qf6 12. d4 c6 13. Rfc1 Qe7 14. a3 f5 15.
b4 Nf6 16. Ne5 Ne4 17. Qe1 f4 18. f3 Nd6 19. Bf1 Nf5 20. exf4 Nxd4 21. Qe3 Nf5
22. Qf2 Nh6 23. g3 Nf7 24. Re1 Nxe5 25. Rxe5 Bd7 {(=)} 26. Rae1 Rf5 27. R5e3 a5
28. Bd3 Rf6 29. Qb2 axb4 30. axb4 Ra4 31. Rb1 dxc4 32. Bxc4 c5 33. Qe5 Rxb4 34.
Rxb4 cxb4 35. Qc7 Rf7 36. Qxb7 Qd6 37. Kg2 Kg7 38. Qe4 Bc6 39. Qxe6 Qxe6 40.
Bxe6 Rb7 41. Bb3 Rd7 42. g4 h6 43. Kg3 Ba8 44. Bc2 Rc7 45. Ba4 Rc3 46. Rxc3
bxc3 47. Kf2 Kf6 48. h4 Bd5 49. Ke3 h5 50. g5+ Ke7 51. Bc2 Kf7 52. Be4 Bb3 53.
Kd3 c2 54. Kd2 Ke6 1-0

[Event "Landesliga Ost MVP 2013-14"]
[Site "?"]
[Date "2013.11.24"]
[Round "3.2"]
[White "Bohl, Stefan"]
[Black "Schumann, Lutz"]
[Result "1-0"]
[WhiteElo "1961"]
[BlackElo "1838"]
[PlyCount "51"]
[EventType "team-tourn"]
[EventRounds "9"]
[EventCountry "GER"]
[WhiteTeam "SV Rugia Bergen"]
[BlackTeam "SSC Graal-Müritz"]
[WhiteTeamCountry "GER"]
[BlackTeamCountry "GER"]

1. d4 Nf6 2. Nf3 d6 3. e3 g6 4. Be2 Bg7 5. b3 O-O 6. Bb2 b6 7. Nbd2 Bb7 8. O-O
Nbd7 9. c4 e6 10. Qc2 Qe7 11. Rac1 c5 12. Rfd1 Rac8 13. dxc5 Nxc5 14. b4 Nce4
15. Nxe4 Bxe4 16. Bxf6 Bxc2 17. Bxe7 Bxd1 18. Rxd1 Rfe8 19. Bxd6 Red8 20. c5
bxc5 21. bxc5 Bf8 22. g3 Bxd6 23. cxd6 Rc2 24. Bb5 Rxa2 25. Ne5 Kg7 26. d7 1-0

[Event "Landesliga Ost MVP 2013-14"]
[Site "?"]
[Date "2013.11.24"]
[Round "3.3"]
[White "Schulz, Wolf Detlef"]
[Black "Pawlick, Helmut"]
[Result "1-0"]
[WhiteElo "1838"]
[BlackElo "1871"]
[PlyCount "89"]
[EventType "team-tourn"]
[EventRounds "9"]
[EventCountry "GER"]
[WhiteTeam "SSC Graal-Müritz"]
[BlackTeam "SV Rugia Bergen"]
[WhiteTeamCountry "GER"]
[BlackTeamCountry "GER"]

1. e4 Nf6 2. e5 Nd5 3. d4 d6 4. f4 dxe5 5. fxe5 Bf5 6. Bd3 Qd7 7. Nf3 Nb4 8.
O-O Nxd3 9. cxd3 e6 10. Be3 Be7 11. Nc3 O-O 12. Qb3 c6 13. Ne4 Na6 14. Rac1
Rab8 15. Ng3 Bg6 16. d5 Qxd5 17. Qxd5 exd5 18. Bxa7 Ra8 19. Bb6 Bxd3 20. Rfd1
Bg6 21. a3 {(=)} Rac8 22. b4 Nb8 23. Be3 Nd7 24. Rc3 Ra8 25. h4 h6 26. h5 Bh7
27. Rd4 {(=)} f5 28. Bc1 Bd8 29. Rd1 Re8 30. Bf4 Nf8 31. Bc1 Ne6 32. Kf1 Ng5
33. e6 Nxf3 34. Rxf3 Rxe6 35. Nxf5 Rf6 36. g4 Bxf5 37. gxf5 Kf7 38. Re1 Bb6 39.
Bb2 Rd6 40. Be5 Rd7 41. f6 g6 42. hxg6+ Kxg6 43. Re2 Kf7 44. Rg2 Rg8 $4 45.
Rg7+ 1-0

[Event "Landesliga Ost MVP 2013-14"]
[Site "?"]
[Date "2013.11.24"]
[Round "3.4"]
[White "Sommer, Stefan"]
[Black "Poppe, Thomas"]
[Result "1-0"]
[WhiteElo "1737"]
[BlackElo "1696"]
[PlyCount "75"]
[EventType "team-tourn"]
[EventRounds "9"]
[EventCountry "GER"]
[WhiteTeam "SV Rugia Bergen"]
[BlackTeam "SSC Graal-Müritz"]
[WhiteTeamCountry "GER"]
[BlackTeamCountry "GER"]

1. e4 c5 2. Nf3 d6 3. Bc4 Nf6 4. d3 Nc6 5. O-O Bg4 6. h3 Bxf3 7. Qxf3 Nd4 8.
Qd1 b5 9. Bb3 Nxb3 10. axb3 g6 11. Qe2 Bg7 12. e5 dxe5 13. Qxe5 Qd6 14. Qxd6
exd6 15. Nc3 b4 16. Nb5 Kd7 17. Bf4 Nd5 18. Bh2 Bxb2 19. Ra6 Nb6 20. Nxd6 f5
21. Nb5 Kc6 22. Nc7 Rac8 23. Rxa7 Bc3 24. Rd1 h6 25. Kf1 g5 26. Ra5 f4 27. Nb5
Nd5 28. Nxc3 Nxc3 29. Re1 Kb6 30. Raa1 Rce8 31. g3 f3 32. Re3 Ne2 33. Rxf3 Nd4
34. Rf6+ Kb5 35. Raa6 Rb8 36. g4 Rb7 37. Bc7 Rc8 38. Ra5# 1-0

[Event "Landesliga Ost MVP 2013-14"]
[Site "?"]
[Date "2013.11.24"]
[Round "3.5"]
[White "Micheel, Peter"]
[Black "Pawlowicz, Wolfgang"]
[Result "1/2-1/2"]
[WhiteElo "1710"]
[BlackElo "1755"]
[PlyCount "60"]
[EventType "team-tourn"]
[EventRounds "9"]
[EventCountry "GER"]
[WhiteTeam "SSC Graal-Müritz"]
[BlackTeam "SV Rugia Bergen"]
[WhiteTeamCountry "GER"]
[BlackTeamCountry "GER"]

1. e4 c5 2. c3 d6 3. d4 cxd4 4. cxd4 Nf6 5. Nc3 a6 6. Nf3 g6 7. Be2 Bg7 8. O-O
O-O 9. h3 b5 10. a3 Bb7 11. Qd3 Nbd7 12. Be3 Rc8 13. Rac1 Nb6 14. b3 Nfd7 15.
Nd2 e6 16. f4 f5 17. e5 dxe5 18. dxe5 Nd5 19. Nxd5 Bxd5 20. Bf3 Bxf3 21. Nxf3
Qe7 22. b4 Rfd8 23. Rxc8 Rxc8 24. Rd1 Nb8 25. Bc5 Qe8 26. Qd6 h6 27. Qb6 Nd7
28. Qd6 Nxc5 29. bxc5 Bf8 30. Qxa6 Bxc5+ 1/2-1/2

[Event "Landesliga Ost MVP 2013-14"]
[Site "?"]
[Date "2013.11.24"]
[Round "3.6"]
[White "Burwitz, Joerg"]
[Black "Rath, Wolfgang"]
[Result "1/2-1/2"]
[WhiteElo "1673"]
[BlackElo "1661"]
[PlyCount "86"]
[EventType "team-tourn"]
[EventRounds "9"]
[EventCountry "GER"]
[WhiteTeam "SV Rugia Bergen"]
[BlackTeam "SSC Graal-Müritz"]
[WhiteTeamCountry "GER"]
[BlackTeamCountry "GER"]

1. d4 Nf6 2. Nf3 d6 3. c4 g6 4. Nc3 Bg7 5. g3 O-O 6. Bg2 Nc6 7. O-O Nd7 8. Be3
e5 9. d5 Ne7 10. Qc2 f5 11. Bg5 h6 12. Bxe7 Qxe7 13. e4 Nc5 14. Nh4 Qg5 15. b4
Na6 16. a3 Bd7 17. Nb5 f4 18. Rac1 b6 19. Qa4 Bc8 20. Qc2 Rf7 21. Qb3 Bg4 22.
Nc3 Raf8 23. Qc2 Qh5 24. h3 Bd7 25. Kh2 g5 26. Bf3 fxg3+ 27. fxg3 Rxf3 28. Rxf3
Rxf3 29. Nxf3 Qxf3 30. Nb5 h5 31. Qg2 Qxg2+ 32. Kxg2 g4 33. h4 Be8 34. Nxa7 Bg6
35. Re1 Bh6 36. Nc6 Bd2 37. Re2 Bc1 38. Ne7+ Kg7 39. Nxg6 Kxg6 40. Rc2 Bh6 41.
Kf2 Bg7 42. Ke3 Bh6+ 43. Kf2 Bg7 1/2-1/2

[Event "Landesliga Ost MVP 2013-14"]
[Site "?"]
[Date "2013.11.24"]
[Round "3.7"]
[White "Kundt, Guenther"]
[Black "Tabbert, Dirk"]
[Result "1/2-1/2"]
[WhiteElo "1528"]
[BlackElo "1588"]
[PlyCount "46"]
[EventType "team-tourn"]
[EventRounds "9"]
[EventCountry "GER"]
[WhiteTeam "SSC Graal-Müritz"]
[BlackTeam "SV Rugia Bergen"]
[WhiteTeamCountry "GER"]
[BlackTeamCountry "GER"]

1. d4 f5 2. c4 Nf6 3. Nc3 e6 4. Nf3 Be7 5. Bg5 O-O 6. e3 Nc6 7. Bd3 d6 8. a3
Bd7 9. Qc2 d5 10. Bxf6 Bxf6 11. cxd5 Ne7 12. dxe6 Bxe6 13. O-O Rc8 14. b4 b6
15. Rfd1 Nd5 16. Ba6 Ra8 17. Bc4 Rc8 18. Qb3 c6 19. b5 Kh8 20. Nxd5 cxd5 21.
Bd3 Rf7 22. Rac1 Re7 23. Qb2 Qd6 1/2-1/2

[Event "Landesliga Ost MVP 2013-14"]
[Site "?"]
[Date "2013.11.24"]
[Round "3.8"]
[White "Pawlowicz, Karsten"]
[Black "Schroeter, Reinhard"]
[Result "1-0"]
[WhiteElo "1558"]
[BlackElo "1476"]
[PlyCount "135"]
[EventType "team-tourn"]
[EventRounds "9"]
[EventCountry "GER"]
[WhiteTeam "SV Rugia Bergen"]
[BlackTeam "SSC Graal-Müritz"]
[WhiteTeamCountry "GER"]
[BlackTeamCountry "GER"]

1. c4 e6 2. Nc3 Nf6 3. g3 d5 4. cxd5 exd5 5. Bg2 Bf5 6. d3 Bb4 7. a3 Bxc3+ 8.
bxc3 c6 9. Qb3 Qb6 10. Rb1 Nbd7 11. Be3 Qxb3 12. Rxb3 b5 13. Nf3 Ng4 14. O-O
O-O 15. Nd4 Nc5 16. Rb2 Bd7 17. Nxc6 Bxc6 18. Bxc5 Rfe8 19. c4 bxc4 20. dxc4
Nf6 21. cxd5 Bxd5 22. e3 Bxg2 23. Kxg2 Rec8 24. Bd4 Nd5 25. Rfb1 Nc3 26. Bxc3
Rxc3 27. Rb8+ Rc8 28. Rxa8 Rxa8 29. Rb7 g6 30. g4 a5 31. g5 Rc8 32. Rb5 a4 33.
Rb4 Ra8 34. Kf3 Ra5 35. h4 Ra7 36. Ke4 Kg7 37. Kd3 f5 38. Rd4 Kf7 39. Kc3 Ke6
40. f4 Ra5 41. Kb4 Rd5 42. Kxa4 Rxd4+ 43. exd4 Kd5 44. Kb5 Kxd4 45. Kc6 Ke4 46.
a4 Kxf4 47. a5 Kg3 48. a6 f4 49. a7 f3 50. a8=Q f2 51. Qa3+ Kg2 52. Qb2 Kg1 53.
Qd4 Kg2 54. Qe4+ Kg1 55. Qg4+ Kh2 56. Qf3 Kg1 57. Qg3+ Kf1 {(=)} 58. Kd6 Ke2
59. Qg4+ Kd2 60. Qf3 Ke1 61. Qe3+ Kf1 62. Ke6 Kg2 63. Qe2 Kg1 64. Qg4+ Kf1 65.
Kf7 Ke1 66. Qe4+ Kd2 67. Qf4+ Ke2 68. Kg7 1-0

[Event "Landesliga Ost MVP 2013-14"]
[Site "?"]
[Date "2013.11.24"]
[Round "3.1"]
[White "Patzenhauer, Max"]
[Black "Ballmann, Horst Gerhard"]
[Result "1-0"]
[WhiteElo "1858"]
[BlackElo "1806"]
[PlyCount "41"]
[EventType "team-tourn"]
[EventRounds "9"]
[EventCountry "GER"]
[WhiteTeam "SV Motor Wolgast 1949"]
[BlackTeam "SV Turbine Neubrandenburg"]
[WhiteTeamCountry "GER"]
[BlackTeamCountry "GER"]

1. d4 Nf6 2. Nc3 g6 3. e4 d6 4. Bf4 Bg7 5. Qd2 O-O 6. O-O-O a6 7. Nf3 b5 8. Bd3
Bb7 9. e5 Ne8 10. Bh6 Bxf3 11. gxf3 Nd7 12. Bxg7 Nxg7 13. Qh6 b4 14. Ne4 Re8
15. Ng5 Nf8 16. h4 Nh5 17. e6 f6 18. Nxh7 Nxe6 19. Qxg6+ Neg7 20. Rdg1 Kh8 21.
Nxf6 1-0